[Event "Abkhasian Open"]
[Site "Sukhumi GEO"]
[Date "2008.08.06"]
[Round "4"]
[White "Eramian,G"]
[Black "Kirpichnikov,V2"]
[Result "1/2-1/2"]
[WhiteElo "2023"]
[BlackElo "2194"]

1.d4 d5 2.Nf3 Nf6 3.c4 c6 4.Qc2 g6 5.g3 Bg7 6.Bg2 O-O 7.O-O Bf5 8.Qb3 Qb6
9.c5 Qxb3 10.axb3 Nbd7 11.Nc3 e5 12.dxe5 Ng4 13.Nd4 Bxe5 14.Nxf5 gxf5 15.b4 Rfe8
16.e3 Kg7 17.Bd2 Ngf6 18.Rfe1 Ne4 19.Nxe4 fxe4 20.Bc3 a6 21.Bh3 Rad8 22.Bxd7 Rxd7
23.Bxe5+ Rxe5 24.Red1 Re8 25.Kg2 Kf6 26.Rd4 Ke5 27.h3 f5 28.b3 Rg7 29.Kh2 h5
30.h4 Rg4 31.Rd2 Rd8 32.Rad1 Rg7 33.Rd4  1/2-1/2

[Event "Arctic Chess Challenge"]
[Site "Tromso NOR"]
[Date "2008.08.06"]
[Round "5"]
[White "Walseth,T"]
[Black "Hafner,C"]
[Result "0-1"]
[WhiteElo "1988"]
[BlackElo "2131"]

1.d4 d5 2.c4 c6 3.Nf3 Nf6 4.Nbd2 Bf5 5.Nh4 Bg4 6.h3 Bh5 7.Qb3 Qc7 8.g4 Bg6
9.g5 dxc4 10.Qxc4 Nd5 11.Nxg6 hxg6 12.e4 Nb6 13.Qc2 e6 14.Bg2 N8d7 15.a3 O-O-O
16.O-O e5 17.dxe5 Nxe5 18.f4 Nd3 19.Nb3 Rh4 20.e5 Nxc1 21.Raxc1 Nd5 22.Bxd5 Rxd5
23.Kg2 Qb6 24.Kg3 Rh8 25.Rcd1 Qe3+ 26.Rf3 Rxh3+  0-1

[Event "Petrovskaya Ladya Open"]
[Site "Peterhof RUS"]
[Date "2008.08.07"]
[Round "6"]
[White "Shushpanov,V"]
[Black "Anjuhin,A"]
[Result "1-0"]
[WhiteElo "2367"]
[BlackElo "2346"]

1.d4 d5 2.c4 c6 3.Nf3 Nf6 4.Qc2 e6 5.g3 Ne4 6.Bg2 Be7 7.O-O O-O 8.b3 Nd7
9.Ba3 Bxa3 10.Nxa3 Qe7 11.Qb2 b6 12.Rac1 Bb7 13.cxd5 exd5 14.Nc2 Rae8 15.Nce1 Ng5
16.Nxg5 Qxg5 17.e3 Qe7 18.Nd3 Nb8 19.Rfd1 Qd6 20.b4 Ba6 21.Ne5 Bb5 22.Qb3 f6
23.a4 Bxa4 24.Qxa4 b5 25.Qxa7 fxe5 26.dxe5 Qxe5 27.Qd4 Qxd4 28.Rxd4 Re7 29.e4 dxe4
30.Bxe4 Ra7 31.Rc2 Ra4 32.Kg2 Na6 33.Rxc6 Rxb4 34.Bd5+ Kh8 35.Rd3 Ra4 36.Rf3 Rb8
37.Rb6 Rd8 38.Rd6 Rb8 39.Rf7 Nb4 40.Be4 Na2 41.Bc2 Ra3 42.Rdd7 Rg8 43.Rfe7 b4
44.Bf5 b3 45.Be6 b2 46.Bxg8 b1=Q 47.Re8  1-0

[Event "Arctic Chess Challenge"]
[Site "Tromso NOR"]
[Date "2008.08.07"]
[Round "6"]
[White "Hanssen,G"]
[Black "Carlsen,H"]
[Result "1/2-1/2"]
[WhiteElo "2232"]
[BlackElo "2067"]

1.d4 d5 2.Nf3 Nf6 3.c4 c6 4.Qc2 g6 5.g3 Bg7 6.Bg2 O-O 7.O-O Bf5 8.Qb3 Qc8
9.Nc3 dxc4 10.Qxc4 Nbd7 11.Re1 Nb6 12.Qb4 Nfd5 13.Qb3 Nxc3 14.bxc3 Be4 15.Bg5 e6
16.Bh3 h6 17.Be7 Re8 18.Bc5 Bxf3 19.exf3 Nd7 20.Ba3 c5 21.Rac1 Qc6 22.f4 c4
23.Qb2 Nb6 24.Rb1 Nd5 25.Rec1 b6 26.Bg2 Bf8 27.Bxf8 Kxf8 28.h4 h5 29.Qa3+ Kg7
30.Qa6 Rac8 31.a4 Rc7 32.a5 bxa5 33.Qxa5 Ree7 34.Rb5 Red7 35.Re1 Rb7 36.Rc5 Qb6
37.Qxb6 axb6 38.Rxc4 Rbc7 39.Rxc7 Rxc7 40.f5 gxf5 41.Bxd5 exd5 42.Re5 Kg6
43.Rxd5 Rxc3 44.Rd6+ f6 45.Rxb6 f4 46.Kh2 f3 47.g4 hxg4 48.Kg3 Rd3 49.Rd6 Rd2
50.Kxg4 Rxf2 51.h5+ Kg7 52.Rd7+ Kf8 53.Kf5 Re2 54.Kg6 Ke8 55.Rf7 Re6 56.h6 f5+
57.Rf6 Rxf6+ 58.Kxf6 f2 59.h7 f1=Q 60.h8=Q+ Kd7 61.Qh7+ Kc6 62.Qa7 f4 63.Qc5+ Kd7
64.d5 Qa6+ 65.Kf7 Qd6 66.Qa7+ Qc7 67.Qxc7+ Kxc7 68.Ke7 f3 69.d6+ Kc6 70.d7  1/2-1/2

[Event "US Open"]
[Site "Dallas USA"]
[Date "2008.08.09"]
[Round "8"]
[White "Shipman,W"]
[Black "Goldstein,B"]
[Result "1/2-1/2"]
[WhiteElo "2224"]
[BlackElo "2130"]

1.d4 Nf6 2.g3 d5 3.c4 c6 4.Nf3 dxc4 5.Bg2 Nbd7 6.O-O e6 7.a4 Be7 8.Nfd2 e5
9.Nxc4 exd4 10.Qxd4 a5 11.Nd6+ Bxd6 12.Qxd6 Qe7 13.Qxe7+ Kxe7 14.b3 Rd8 15.Ba3+ Ke8
16.Rd1 Nb6 17.Rxd8+ Kxd8 18.Nd2 Be6 19.e4 Ke8 20.e5 Nfd5 21.Ne4 Nc8 22.Bf1 b6
23.Bc4 Nce7 24.f4 g6 25.Rc1 Kd7 26.Kf2 h5 27.Rd1 Ke8 28.Rc1 Kd7 29.Re1 Rh8
30.Rd1 Ke8 31.h4 Rh6 32.Nd6+ Kd7 33.Ne4 Ke8 34.Rc1 Kd7 35.Bb2 Rh8 36.Rd1 Kc7
37.Ba3 c5 38.Bb2 Rd8 39.Nd6 Kb8 40.Rd2 Nb4 41.Bc3 Nbd5 42.Bb2  1/2-1/2

[Event "12th HZ Open"]
[Site "Vlissingen NED"]
[Date "2008.08.09"]
[Round "9"]
[White "Van Gool,H"]
[Black "Thora,J"]
[Result "1-0"]
[WhiteElo "2114"]
[BlackElo "1903"]

1.d4 d5 2.Nf3 c6 3.c4 Nf6 4.Qb3 dxc4 5.Qxc4 Bf5 6.g3 e6 7.Bg2 Be7 8.O-O Nbd7
9.Bd2 O-O 10.Bb4 Nb6 11.Bxe7 Nxc4 12.Bxd8 Rfxd8 13.b3 Nd6 14.Nc3 Nde4 15.Rfc1 Nxc3
16.Rxc3 Be4 17.e3 Nd5 18.Rcc1 f6 19.a3 a5 20.Ra2 Ne7 21.Nd2 Bxg2 22.Kxg2 Kf7
23.Kf1 b5 24.Ne4 Rd5 25.h4 Ra7 26.a4 b4 27.Rac2 h6 28.Rc5 e5 29.dxe5 fxe5
30.Ke2 Rad7 31.R1c2 Ke6 32.Rxd5 Rxd5 33.Nd2 Kd6 34.e4 Rc5 35.Rxc5 Kxc5 36.Ke3 Nc8
37.Nc4 Nd6 38.Nxe5 Kb6 39.Nd7+ Kc7 40.Nc5 Ne8 41.e5 Kb6 42.Kd4 Nc7 43.f4 Nd5
44.Ne6 Nc3 45.Nxg7 c5+ 46.Kc4 Kc6 47.f5 Nd5 48.f6 Nb6+ 49.Kd3 Nd7 50.e6 Nxf6
51.e7 Kd7 52.e8=Q+ Nxe8 53.Nxe8 Kxe8 54.Kc4 h5 55.Kxc5 Ke7 56.Kb5  1-0

[Event "12th HZ Open"]
[Site "Vlissingen NED"]
[Date "2008.08.09"]
[Round "9"]
[White "Ikonnikov,Vy"]
[Black "Amonatov,F"]
[Result "0-1"]
[WhiteElo "2592"]
[BlackElo "2650"]

1.d4 d5 2.Nf3 Nf6 3.c4 c6 4.Qb3 dxc4 5.Qxc4 Bf5 6.g3 e6 7.Bg2 Be7 8.O-O O-O
9.Nc3 Nbd7 10.Re1 Ne4 11.Qb3 Qb6 12.Nh4 Bxh4 13.gxh4 Nef6 14.e4 Bg6 15.Qxb6 axb6
16.Bf4 b5 17.Bd6 Rfe8 18.b3 e5 19.dxe5 Nxe5 20.f4 Ned7 21.a4 bxa4 22.bxa4 Nb6
23.f5 Bh5 24.Rab1 Nxa4 25.Nxa4 Rxa4 26.Rxb7 h6 27.Rb4 Ra2 28.e5 Nd5 29.Rc4 Be2
30.Rxc6 Nf4 31.Bf1 Bxf1 32.Rxf1 Nh3+ 33.Kh1 Nf2+ 34.Kg1 Ng4 35.Re1 Nxh2 36.Rc3 Ng4
37.e6 fxe6 38.fxe6 Ra4 39.Bg3 Ra6 40.e7 Kf7 41.Rf3+ Nf6 42.Rfe3 Ra4 43.Kg2 Rd4
44.Kh3 Rd7 45.Re6 Rb7 46.R6e3 Rd7 47.Re6 Rexe7 48.Rxe7+ Rxe7 49.Rxe7+ Kxe7
50.Kg2 Ke6 51.Kf3 Kf5 52.Bf2 Ng4 53.Bd4 Ne5+ 54.Kg3 Ke4 55.Bc3 h5 56.Bb2 g6
57.Bc1 Nc6 58.Bh6 Na5 59.Bc1 Nc4 60.Bf4 Ne3 61.Bg5 Ng4 62.Bc1 Ne3 63.Kf2 Nf5
64.Bg5 Nd4 65.Kg3 Kd3 66.Kf2 Ne6 67.Bh6 Nd4 68.Bg7 Ke4 69.Bh6 Ne6 70.Kg3 Nc7
71.Bg5 Nb5 72.Bf6 Nd4 73.Bg5 Kd3 74.Kf2 Ke4 75.Kg3 Kf5 76.Be3 Nc2 77.Bh6 Ke4
78.Bf4 Ne1 79.Bd2 Nf3 80.Bh6 Nd4 81.Bg5 Nb5 82.Bh6 Nd6 83.Bg5 Kd3 84.Kf3 Nf5
85.Bf6 Nd6 86.Kf4 Nf7 87.Kf3 Kd2 88.Kf2 Nd6 89.Bg5+ Kd3 90.Kf3 Nf5 91.Bf6 Kd2
92.Kf4 Ke2 93.Kg5 Kf3 94.Be5 Ne7 95.Bd6 Nc6 96.Bc7 Nd4 97.Kxg6 Kg4 98.Bd8 Nf3
99.Be7 Nxh4+  0-1

[Event "Open"]
[Site "Ptuj SLO"]
[Date "2008.08.10"]
[Round "2"]
[White "Krumpacnik,D"]
[Black "Drnovsek,N"]
[Result "1/2-1/2"]
[WhiteElo "2376"]
[BlackElo "2096"]

1.d4 d5 2.Nf3 Nf6 3.c4 c6 4.Qb3 dxc4 5.Qxc4 Bf5 6.Nc3 e6 7.a4 a5 8.Nh4 Nbd7
9.Nxf5 exf5 10.g3 Bd6 11.Bh3 g6 12.Bh6 Bf8 13.Bxf8 Nxf8 14.Rd1 Ne6 15.Bg2 O-O
16.d5 cxd5 17.Bxd5 Qb6 18.Bxe6 fxe6 19.Nb5 Ne4 20.e3 Rac8 21.Qb3 Rfd8 22.Ke2 Qc6
23.Nd4 Qc4+ 24.Qxc4 Rxc4 25.f3 Nc5 26.Rc1 Rxc1 27.Rxc1 b6 28.Nc6 Rd6 29.Nxa5 Nxa4
30.Nc4 Rc6 31.b3 Nb2 32.Kd2 Nxc4+ 33.bxc4  1/2-1/2

[Event "BDO Premier"]
[Site "Haarlem NED"]
[Date "2008.08.11"]
[Round "3"]
[White "Peng Zhaoqin"]
[Black "Willemze,J"]
[Result "1-0"]
[WhiteElo "2462"]
[BlackElo "2420"]

1.d4 d5 2.c4 c6 3.Nf3 Nf6 4.Qb3 dxc4 5.Qxc4 b5 6.Qc2 Bb7 7.e4 e6 8.Bd3 h6
9.O-O Nbd7 10.Nc3 a6 11.e5 Nd5 12.Nxd5 cxd5 13.Be3 Nb6 14.b3 Ba3 15.Qe2 Bc6
16.Bd2 Be7 17.Rfc1 Qd7 18.Ba5 Qb7 19.a3 O-O 20.h3 Rac8 21.Bb4 Rfe8 22.Qd2 Nd7
23.Ra2 Bf8 24.Rac2 Nb8 25.Bxf8 Rxf8 26.Qa5 Bd7 27.Rc7 Qa8 28.Qb6 Rxc7 29.Rxc7 Bc8
30.Ne1 Nd7 31.Qd6 Qb8 32.Nc2 Nb6 33.Nb4 Na8 34.Rc5 Qb7 35.Nc6 Re8 36.Na5 Qd7
37.Qb8 Qd8 38.Qxa8 Qxa5 39.Rxc8 Qe1+ 40.Kh2  1-0

[Event "Abkhasian Open"]
[Site "Sukhumi GEO"]
[Date "2008.08.11"]
[Round "9"]
[White "Lebedev,S1"]
[Black "Svinarenko,P"]
[Result "1-0"]
[WhiteElo "2325"]
[BlackElo "2153"]

1.d4 d5 2.c4 c6 3.Nf3 Nf6 4.Qc2 dxc4 5.e4 b5 6.b3 cxb3 7.axb3 Bb7 8.Bd3 g6
9.Bd2 Bg7 10.Ba5 Qd7 11.O-O O-O 12.Rd1 Rc8 13.Nc3 a6 14.e5 Nd5 15.Ne4 Qe8
16.Nc5 Ra7 17.Ng5 Bh6 18.Nge4 Bg7 19.Be2 Nd7 20.Bg4 Nxc5 21.Nxc5 Rb8 22.Bd7 Qf8
23.Nxb7 Raxb7 24.Bxc6 Rc8 25.Rdc1 Rbb8 26.Qe4 e6 27.g3 Nb4 28.Bb7 Rxc1+ 29.Rxc1 Na2
30.Rc7 Qa3 31.Qf3 Rf8 32.Bb6 f6 33.Bc5 Qc1+ 34.Kg2 fxe5 35.Rxg7+  1-0

[Event "VII Open"]
[Site "Ortigueira ESP"]
[Date "2008.08.12"]
[Round "3"]
[White "Manolache,M"]
[Black "Campelo Bermudez,J"]
[Result "1-0"]
[WhiteElo "2521"]
[BlackElo "1870"]

1.d4 d5 2.Nf3 Nf6 3.c4 c6 4.Qc2 Bg4 5.Ne5 Bh5 6.Bf4 e6 7.Nc3 Nbd7 8.Qb3 Qb6
9.c5 Qxb3 10.axb3 Nxe5 11.Bxe5 Nd7 12.Bg3 Be7 13.b4 O-O 14.e3 Bf6 15.Bd6 Rfc8
16.f4 a6 17.Rg1 Bd8 18.g4 Bg6 19.Bh3 f5 20.Kd2 Nf6 21.Be5 Kf7 22.Ra3 fxg4
23.Bxg4 Nxg4 24.Rxg4 Bf6 25.Rg1 Bxe5 26.dxe5 Ke7 27.Ne2 Rg8 28.Nd4 Kd7 29.Raa1 Rab8
30.Kc3 Bf7 31.Rg3 g6 32.Nf3 Ke7 33.Rh3 Rg7 34.Rg1 b6 35.Nd4 Kd7 36.Ra1 bxc5
37.bxc5 Ra8 38.Ra3 h5 39.Rb3 g5 40.Rb7+ Ke8 41.Rxh5 gxf4 42.Rh8+ Rg8 43.Rxg8+ Bxg8
44.exf4 a5 45.h4 Bf7 46.f5 exf5 47.e6 Bg8 48.Nxf5 d4+ 49.Kxd4 Rd8+ 50.Ke5  1-0

[Event "Open"]
[Site "Stare Mesto CZE"]
[Date "2008.08.12"]
[Round "6"]
[White "Vokac,M"]
[Black "Camarena Gimenez,R"]
[Result "1-0"]
[WhiteElo "2451"]
[BlackElo "2416"]

1.Nf3 d5 2.d4 Nf6 3.c4 c6 4.Qc2 g6 5.Bf4 Bg7 6.e3 O-O 7.Nc3 a6 8.cxd5 cxd5
9.Be2 Nc6 10.O-O Bg4 11.h3 Bxf3 12.Bxf3 e6 13.Rfc1 Nd7 14.Qd1 Rc8 15.Na4 Re8
16.Qb3 b5 17.Nc3 Na5 18.Qd1 Qb6 19.Bxd5 exd5 20.Nxd5 Qb7 21.Rxc8 Qxc8 22.Rc1 Qb7
23.Qf3 Nf6 24.Nxf6+ Bxf6 25.Qxb7 Nxb7 26.Rc6 Be7 27.Rxa6 b4 28.Ra7 Nd8 29.d5 Bf8
30.Ra8 Bg7 31.Bc7 Bf6 32.Rb8 Be7 33.d6 Bf6 34.d7  1-0

[Event "Independence Cup A"]
[Site "Kyiv UKR"]
[Date "2008.08.13"]
[Round "11"]
[White "Kovaliova,V"]
[Black "Chernozem,S"]
[Result "1/2-1/2"]
[WhiteElo "2055"]
[BlackElo "2102"]

1.d4 d5 2.c4 c6 3.Nf3 Nf6 4.Qc2 dxc4 5.Qxc4 Bf5 6.e3 e6 7.Bd3 Bxd3 8.Qxd3 Nbd7
9.O-O Be7 10.Nc3 O-O 11.b3 c5 12.dxc5 Nxc5 13.Qxd8 Rfxd8  1/2-1/2

[Event "VII Open"]
[Site "Ortigueira ESP"]
[Date "2008.08.13"]
[Round "4"]
[White "Petkov,V"]
[Black "Pozo Vera,S"]
[Result "1/2-1/2"]
[WhiteElo "2423"]
[BlackElo "2454"]

1.d4 d5 2.c4 c6 3.Nf3 Nf6 4.Qc2 dxc4 5.Qxc4 Bf5 6.g3 e6 7.Bg2 Nbd7 8.O-O Be7
9.Nc3 O-O 10.Re1 Ne4 11.Qb3 Qb6 12.Nh4 Qxb3 13.axb3 Bb4 14.Nxf5 exf5 15.Bxe4 fxe4
16.Bd2 Rfe8 17.Nxe4 Rxe4 18.Bxb4 Rxd4 19.Bc3 Rd6 20.Red1 Rxd1+ 21.Rxd1 Nc5
22.b4 Na4 23.Bd4 Rd8 24.Rd3 Nb6 25.g4 f6  1/2-1/2

[Event "Open A"]
[Site "Vladimir RUS"]
[Date "2008.08.13"]
[Round "2"]
[White "Popov,Val"]
[Black "Kupreichik,V"]
[Result "1-0"]
[WhiteElo "2524"]
[BlackElo "2403"]

1.d4 d5 2.c4 dxc4 3.Nf3 c6 4.a4 Nf6 5.Nc3 Bf5 6.Ne5 Nbd7 7.Nxc4 Nb6 8.Ne5 a5
9.g3 g6 10.Bg2 Bg7 11.e4 Be6 12.f4 O-O 13.O-O Qc8 14.Qc2 Rd8 15.Rd1 Nfd7
16.Nf3 Nf8 17.Be3 Nc4 18.Bf2 Bg4 19.Qb3 Nd6 20.e5 Ne8 21.d5 Qc7 22.Rac1 Qb8
23.h3 Bd7 24.Bc5  1-0

[Event "WCh-Junior"]
[Site "Gaziantep TUR"]
[Date "2008.08.15"]
[Round "13"]
[White "Kalashian,D"]
[Black "Martins,Vin"]
[Result "1-0"]
[WhiteElo "2432"]
[BlackElo "2292"]

1.d4 d5 2.Nf3 Nf6 3.c4 c6 4.Qc2 g6 5.g3 Bg7 6.Bg2 O-O 7.O-O a6 8.c5 Nbd7
9.Nc3 Ne8 10.Rd1 Nc7 11.Na4 Qe8 12.b3 Rb8 13.Bf4 e5 14.dxe5 Nxe5 15.Nxe5 Bxe5
16.Bxe5 Qxe5 17.e4 dxe4 18.Qxe4 Qxe4 19.Bxe4 Bg4 20.f3 Be6 21.Nc3 f5 22.Bd3 Rbd8
23.Kf2 Kf7 24.Ne2 Rd5 25.Bc4 Rxd1 26.Rxd1 Ke7 27.Nf4 Bxc4 28.bxc4 Rd8 29.Rb1 Rb8
30.Nd3 Ne6 31.Ne5 Ke8 32.Re1 Ke7 33.Rb1 Ke8 34.Nxc6 Rc8 35.Na5 Nxc5 36.Nxb7 Nxb7
37.Rxb7 Rxc4 38.Rxh7 Kf8 39.Ke3 Ra4 40.h4 f4+ 41.gxf4 Kg8 42.Ra7 Kf8 43.Rc7 Kg8
44.Ra7 Kf8 45.Rd7 Kg8 46.Rd4 Ra5 47.a4 Kg7 48.Kf2 Kf6 49.Kg3 Ke6 50.Kg4 Kf6
51.Rd6+ Kf7 52.Rd4 Kf6 53.Rb4 Kg7 54.Rc4 Kh6 55.Rc6 Kg7 56.f5 Rxf5 57.Rxa6 Rc5
58.Ra8 Rc4+ 59.Kg3 Rd4 60.a5 Rd5 61.a6 Rd6 62.f4 Rc6 63.Kf3 Re6 64.Kg4 Rf6
65.a7 Ra6 66.h5 gxh5+ 67.Kxh5 Ra5+ 68.Kg4 Ra4 69.Kg5 Ra1 70.f5 Ra5 71.Kf4 Ra1
72.Ke3 Ra3+ 73.Kd2  1-0

[Event "Petrovskaya Ladya GM2"]
[Site "Peterhof RUS"]
[Date "2008.08.15"]
[Round "5"]
[White "Serov,M"]
[Black "Savchenko,S"]
[Result "0-1"]
[WhiteElo "2368"]
[BlackElo "2557"]

1.d4 d5 2.c4 c6 3.Nf3 Nf6 4.Qc2 dxc4 5.Qxc4 Bf5 6.g3 e6 7.Bg2 Nbd7 8.O-O Be7
9.Nc3 O-O 10.Re1 Bg6 11.e4 h6 12.Bf4 Rc8 13.b4 Re8 14.a3 Bf8 15.Rad1 a5 16.Ne5 Nxe5
17.dxe5 Nd7 18.bxa5 Qc7 19.Na4 Qxa5 20.Qc3 Qxc3 21.Nxc3 Red8 22.Ra1 b5 23.Bf1 Ra8
24.Red1 Nc5 25.Rxd8 Rxd8 26.f3 Nd3 27.Ne2 Ra8 28.Rd1 Rxa3 29.Nd4 Nxf4 30.gxf4 Bc5
31.Kg2 Bh5 32.Be2 Ra2 33.Kf1 b4 34.Nxc6 b3 35.Rb1 Bxf3  0-1

[Event "XXI Virxe Peregrina Open"]
[Site "Pontevedra ESP"]
[Date "2008.08.16"]
[Round "7"]
[White "Spassov,L"]
[Black "Ortiz Suarez,I"]
[Result "1/2-1/2"]
[WhiteElo "2428"]
[BlackElo "2392"]

1.d4 d5 2.c4 c6 3.Nf3 Nf6 4.Qb3 e6 5.Bg5 Nbd7 6.e3 Qa5+ 7.Nc3 Ne4 8.cxd5 Nb6
9.Bd3 Nxg5 10.Nxg5 Nxd5 11.Nf3 Be7 12.O-O O-O  1/2-1/2

[Event "XXI Virxe Peregrina Open"]
[Site "Pontevedra ESP"]
[Date "2008.08.16"]
[Round "7"]
[White "Rusev,K"]
[Black "Sriram,J"]
[Result "1/2-1/2"]
[WhiteElo "2508"]
[BlackElo "2429"]

1.d4 d5 2.Nf3 Nf6 3.c4 c6 4.Qb3 e6 5.Bg5 Be7 6.e3 O-O 7.Nc3 Nbd7 8.Rd1 b6
9.Bd3 Bb7 10.O-O Re8 11.Rfe1 dxc4 12.Bxc4 Nd5 13.Bxe7 Qxe7 14.e4 Nxc3 15.Qxc3 c5
16.Bb5  1/2-1/2

[Event "U16 Olympiad"]
[Site "Mersin TUR"]
[Date "2008.08.18"]
[Round "3"]
[White "Shimanov,A"]
[Black "Malikentzos,S"]
[Result "1-0"]
[WhiteElo "2480"]
[BlackElo "2063"]

1.d4 d5 2.c4 c6 3.Nf3 Nf6 4.Qc2 dxc4 5.Qxc4 Bf5 6.Nc3 e6 7.g3 Nbd7 8.Bg2 Be7
9.Qb3 Qb6 10.Nd2 Qxb3 11.Nxb3 Bb4 12.a3 Bxa3 13.bxa3 Be4 14.f3 Bd5 15.Rb1 e5
16.e4 Bxb3 17.Rxb3 b5 18.a4 bxa4 19.Rb4 c5 20.Rxa4 Nb6 21.Ra5 exd4 22.Rxc5 Nfd7
23.Rc7 Kd8 24.Rc6 Ne5 25.Rd6+ Kc7 26.Rxd4 Rhd8 27.Bf4 f6 28.Ke2 g5 29.Be3 Nc6
30.Rxd8 Rxd8 31.h4 h6 32.hxg5 hxg5 33.Rh6 Rf8 34.Rh7+ Kb8 35.Bh3 Nc4 36.Bc5 Rd8
37.Be6 Nb6 38.Ke3 Na4 39.Bd4 Rd6 40.Rh8+ Kc7 41.Re8 Nc5 42.Ke2 Kb6 43.Kd2  1-0

[Event "5th DA Tan Malaysian Open"]
[Site "Kuala Lumpur MAS"]
[Date "2008.08.19"]
[Round "4"]
[White "Capel,E"]
[Black "Tan,Ju1"]
[Result "1/2-1/2"]
[WhiteElo "2005"]
[BlackElo "2281"]

1.d4 d5 2.c4 c6 3.Nf3 Nf6 4.g3 dxc4 5.Bg2 Bf5 6.O-O Nbd7 7.Nbd2 Qc7 8.Nxc4 Nb6
9.Bf4 Qd8 10.Nce5 Nfd5 11.e4 Nxf4 12.exf5 Nxg2 13.Ng5 Qd5 14.Ngxf7 Rg8 15.Ng5 O-O-O
16.Qg4 Qxd4 17.Qxd4 Rxd4 18.Kxg2 Rd5 19.f4 g6 20.fxg6 hxg6 21.Rad1 Rxd1 22.Rxd1 Nd5
23.Kf3 Bg7 24.Re1 Bf6 25.Kg4 Nb4 26.a3 Nc2 27.Re4 c5 28.Ngf3 Kc7 29.h4 Kd6
30.Re2 Nd4 31.Nxd4 cxd4 32.Nd3 Kd5 33.Kf3 Rc8 34.Nb4+ Kd6 35.Rd2 a5 36.Nc2 Kd5
37.Ne3+ Kd6 38.Ke4 Rc1 39.Nc2 Kc5 40.g4 Bxh4 41.Nxd4 Rc4 42.b3 Rc3 43.Rc2 Rxc2
44.Nxc2 Bf6 45.a4 e6 46.Kd3 Bb2 47.Ne3 Bc1 48.Ng2 Bb2 49.Nh4 e5 50.fxe5 Bxe5
51.Nxg6 Bf6 52.Nf4 Bh4 53.g5 Bxg5 54.Ne6+ Kb4 55.Kc2 b5 56.axb5 Kxb5 57.Nd4+ Kb4
58.Nc6+ Kb5 59.Nd4+ Kb4 60.Ne6  1/2-1/2

[Event "Independence Cup G"]
[Site "Kyiv UKR"]
[Date "2008.08.20"]
[Round "8"]
[White "Nyzhnyk,I"]
[Black "Slugin,S"]
[Result "1/2-1/2"]
[WhiteElo "2428"]
[BlackElo "2425"]

1.d4 d5 2.c4 c6 3.Nf3 Nf6 4.Qc2 dxc4 5.Qxc4 Bf5 6.Nc3 e6 7.g3 Be7 8.Bg2 O-O
9.O-O Nbd7 10.Bf4 Ne4 11.Rfd1 Nxc3 12.Qxc3 Be4 13.Rac1 Nf6 14.Qb3 Qb6 15.Nd2 Bxg2
16.Kxg2 Nd5 17.Nc4 Qxb3 18.axb3 Nxf4+ 19.gxf4 Rfd8 20.Kf3 Kf8 21.e4 Bb4 22.Ke3 Ke7
23.f3 f6 24.Ke2 Bd6 25.Rg1 Kf7 26.Ke3 Bc7 27.b4 Rd7 28.Rgd1 Rad8 29.Rd3 e5
30.fxe5 fxe5 31.d5 cxd5 32.exd5 Rxd5 33.Nd6+ R5xd6 34.Rxc7+ Kf6 35.Rxd6+ Rxd6
36.Rxb7 Rb6 37.Rxa7 Rxb4 38.Kf2 h5 39.Kg3 g5 40.Ra8 Rxb2 41.Rf8+ Ke6 42.Re8+ Kf6  1/2-1/2

[Event "U16 Olympiad"]
[Site "Mersin TUR"]
[Date "2008.08.20"]
[Round "5"]
[White "Yaksin,O"]
[Black "Mazur,S"]
[Result "1-0"]
[WhiteElo "2307"]
[BlackElo "2237"]

1.d4 d5 2.Nf3 Nf6 3.c4 c6 4.Qb3 dxc4 5.Qxc4 Bf5 6.Nc3 e6 7.g3 Nbd7 8.Bg2 Be7
9.O-O O-O 10.Re1 Ne4 11.Qb3 Qb6 12.Nh4 Bxh4 13.gxh4 Qxb3 14.axb3 Ndf6 15.f3 Nxc3
16.bxc3 Bc2 17.Ra3 Rfe8 18.e4 c5 19.dxc5 Red8 20.Be3 Nd7 21.Rc1 Bd3 22.c4 Ne5
23.Bf4 f6 24.Ra2 Nc6 25.Bd6 Nd4 26.Kf2 b6 27.Rc3 bxc5 28.Bxc5 Nxb3 29.Be3 a5
30.Bb6 Rd7 31.c5 a4 32.c6 Rd6 33.c7 Rxb6 34.Rxd3  1-0

[Event "X Sants Open"]
[Site "Barcelona ESP"]
[Date "2008.08.22"]
[Round "1"]
[White "Rodshtein,M"]
[Black "Alonso Castillo,S"]
[Result "1-0"]
[WhiteElo "2605"]
[BlackElo "2118"]

1.d4 d5 2.c4 c6 3.Nf3 Nf6 4.Nbd2 e6 5.g3 Be7 6.Bg2 Nbd7 7.Qc2 c5 8.O-O O-O
9.cxd5 exd5 10.dxc5 Nxc5 11.Nb3 Nce4 12.Bf4 Bf5 13.Nbd4 Bd7 14.Ne5 Bc5 15.Nxd7 Qxd7
16.Rad1 Rac8 17.Qb3 Rfd8 18.Nf3 Bb6 19.e3 Qf5 20.h3 Nc5 21.Qb5 Nce4 22.Qd3 Qd7
23.Be5 Qa4 24.Qb1 Qc2 25.Qxc2 Rxc2 26.Ne1 Rc4 27.Nd3 Re8 28.b3 Rc2 29.Bxf6 Nxf6
30.Nb4 Rb2 31.Nxd5 Nxd5 32.Bxd5 Rxa2 33.Bxb7 Rc2 34.Rd7 Rc7 35.Rxc7 Bxc7
36.Rc1 Bb6 37.g4 Kf8 38.Rc4 Rd8 39.h4 h6 40.Be4 Ke7 41.Kg2 Rd7 42.Kf3 Rc7
43.Rb4 Rd7 44.Rb5 Rd2 45.Re5+ Kf6 46.Rf5+ Ke6 47.Bc6 Bd8 48.Rh5 Rd6 49.Bb5 Ke7
50.Kg3 Bb6 51.Bc4 f6 52.Kf3 Rd2 53.Rf5 Kd6 54.Ke4 Ke7 55.Rf3 Rd7 56.Kf5 Rd6
57.Kg6 f5+ 58.Kxg7 fxg4 59.Rf4 Rd2 60.Kg6 Kd6 61.Kh5 g3 62.fxg3 Bxe3 63.Rf3 Bd4
64.Kxh6 Rf2 65.Rd3 Ke5 66.g4 Rf8 67.h5 Kf6 68.g5+ Ke5 69.Rxd4 Kxd4 70.g6 Rf6
71.Kg7  1-0

[Event "5th DA Tan Malaysian Open"]
[Site "Kuala Lumpur MAS"]
[Date "2008.08.23"]
[Round "10"]
[White "Xiu,D"]
[Black "Causo,D"]
[Result "1-0"]
[WhiteElo "2410"]
[BlackElo "2410"]

1.d4 d5 2.c4 c6 3.Nf3 Nf6 4.Qc2 g6 5.Bf4 Bg7 6.e3 Bf5 7.Bd3 Bxd3 8.Qxd3 O-O
9.Nc3 Nbd7 10.O-O Nb6 11.b3 Nh5 12.Bg5 h6 13.Bh4 g5 14.Bg3 Nxg3 15.hxg3 Re8
16.Rfd1 Qc7 17.cxd5 cxd5 18.Rac1 Qd7 19.a4 a6 20.a5 Nc8 21.Na4 Qd8 22.Qc3 e6
23.Qc7 Nd6 24.Nb6 Rb8 25.Ne1 Qxc7 26.Rxc7 Nb5 27.Rd7 Red8 28.Rxd8+ Rxd8 29.Nd3 Bf8
30.Rc1 Bd6 31.b4 Kf8 32.Kf1 Ke7 33.Ke2 f6 34.g4 Kf7 35.Kd2 Bc7 36.Na4 Bd6
37.Nac5 Bxc5 38.Nxc5 Rb8 39.Rh1 Nc7 40.Rxh6 Kg7 41.Rh1 e5 42.Rc1 Nb5 43.dxe5 fxe5
44.Ne6+ Kg6 45.Nc7 Na7 46.Nxd5 Nc6 47.Kd3 Rf8 48.f3 Rh8 49.Ke2 Kf7 50.Rc5 Ke6
51.Kf2 Rh1 52.e4 Rb1 53.Rc4 Rb2+ 54.Kg3 Kd6 55.Rc1 Nxb4 56.Nxb4 Rxb4 57.Rh1 Ke6
58.Rh6+ Kf7 59.Rd6 Rb3 60.Rd7+ Ke6 61.Rg7 Kf6 62.Rc7 Rb2 63.Kh2 Rb1 64.Rc2 Rb5
65.Rc7 Rb1 66.Kg3 Rb2 67.Rc8 Rb5 68.Rb8 Rb2 69.Kh2 Rb1 70.g3 Rb5 71.Kh3 Rxa5
72.Rxb7 Ra3 73.Kg2 Ra2+ 74.Kf1 a5 75.Rb6+ Kf7 76.Rb5 Kf6 77.f4 gxf4 78.gxf4 exf4
79.Rf5+ Kg6 80.e5 Ra1+ 81.Kf2 Ra2+ 82.Kf3 Ra3+ 83.Kxf4 Ra4+ 84.Kf3 Ra3+ 85.Ke4 Ra4+
86.Kd5 Rxg4 87.Rf3 Rb4 88.e6 Rb1 89.e7 Re1 90.Kd6 a4 91.Rf8  1-0

[Event "44th Rubinstein Mem Open A"]
[Site "Polanica Zdroj POL"]
[Date "2008.08.23"]
[Round "5"]
[White "Nowak,Mal"]
[Black "Czarnota,D"]
[Result "1/2-1/2"]
[WhiteElo "2052"]
[BlackElo "2229"]

1.d4 d5 2.c4 c6 3.Nf3 Nf6 4.Qc2 dxc4 5.Qxc4 Bf5 6.g3 Nbd7 7.Bg2 e6 8.O-O Be7
9.Nc3 O-O 10.e3 Rc8 11.Qe2 Ne4 12.Nd2 Nxd2 13.Bxd2 c5 14.e4 cxd4 15.exf5 dxc3
16.Bxc3 exf5 17.Rad1 Rc7 18.Qb5 Qc8 19.Qxf5 Bf6 20.Bxf6 Nxf6 21.Qb5 b6  1/2-1/2

[Event "2nd Euwe Stimulans"]
[Site "Sao Paulo BRA"]
[Date "2008.08.23"]
[Round "2"]
[White "Roselli Mailhe,B"]
[Black "El Debs,F"]
[Result "0-1"]
[WhiteElo "2385"]
[BlackElo "2440"]

1.d4 d5 2.c4 c6 3.Nf3 Nf6 4.Qc2 e6 5.e3 a6 6.Nc3 c5 7.cxd5 exd5 8.Be2 Nc6
9.O-O Be6 10.Rd1 Nb4 11.Qd2 Ne4 12.Nxe4 dxe4 13.Ne5 cxd4 14.exd4 Rc8 15.Qf4 Be7
16.d5 Nxd5 17.Qxe4 O-O 18.Bd3 f5 19.Qf3 Qc7 20.Nc4 Kh8 21.Re1 Bg8 22.a3 Bf6
23.Bf1 b5 24.Ne3 Nxe3 25.Bxe3 Bxb2 26.Rab1 Bxa3 27.Bf4 Bd6 28.Rbc1 Bc4 29.Bxc4 Bxf4  0-1

[Event "Liga Nacional Ajedrez"]
[Site "Villa Martelli ARG"]
[Date "2008.08.23"]
[Round "3"]
[White "Perelman,H"]
[Black "Real de Azua,E"]
[Result "0-1"]
[WhiteElo "2360"]
[BlackElo "2429"]

1.d4 d5 2.Nf3 Nf6 3.c4 c6 4.Qc2 dxc4 5.Qxc4 Bf5 6.g3 e6 7.Bg2 Nbd7 8.O-O Be7
9.Nc3 O-O 10.Re1 Ne4 11.Qb3 Qb6 12.Nh4 Bb4 13.Bxe4 Bxe4 14.Bd2 Bxc3 15.bxc3 c5
16.Ng2 cxd4 17.Qxb6 Nxb6 18.cxd4 Rfd8 19.f3 Bc6 20.Be3 Rac8 21.Nf4 Bb5 22.Rac1 Na4
23.Kf2 Rc3 24.Rxc3 Nxc3 25.a3 e5 26.Bd2 Na4 27.Nd3 exd4 28.Rc1 Bxd3 29.exd3 Nb2
30.Rc7 b5 31.Rxa7 Nxd3+ 32.Ke2 Nb2 33.Re7 d3+ 34.Ke1 Nc4 35.Ra7 h5 36.Kd1 Rd5
37.Ra8+ Kh7 38.Ra7 Kg6 39.Kc1 Ne5 40.f4 Nf3 41.h3 Rc5+ 42.Kd1 Rc2 43.f5+ Kf6
44.Bb4 Rf2 45.Kc1 Rf1+ 46.Kb2 d2 47.Bc3+ Kxf5 48.Rxf7+  0-1

[Event "16th Nikea Open"]
[Site "Athens GRE"]
[Date "2008.08.26"]
[Round "2"]
[White "Rusev,K"]
[Black "Delithanasis,D"]
[Result "1-0"]
[WhiteElo "2508"]
[BlackElo "2228"]

1.d4 d5 2.Nf3 c6 3.c4 Nf6 4.Qc2 dxc4 5.Qxc4 Bf5 6.g3 e6 7.Bg2 Be7 8.O-O O-O
9.Nc3 Nbd7 10.Re1 Ne4 11.Qb3 Qb6 12.Nh4 Bxh4 13.gxh4 Nef6 14.e4 Bg6 15.Qxb6 axb6
16.Bf4 Rfc8 17.Rad1 b5 18.Bd6 Ne8 19.Bb4 Nc7 20.Bd6 Ne8 21.Be7 Rc7 22.Bb4 Nb8
23.d5 Rd7 24.a3 Bh5 25.f3 Nf6 26.Kf2 Na6 27.Bh3 Re8 28.Ba5 Kf8 29.d6 Ra8
30.e5 Ne8 31.Bb6 Bg6 32.b4 Bf5 33.Bxf5 exf5 34.h5 h6 35.Ne2 Nb8 36.Rd3 Ra6
37.Be3 b6 38.Nd4 Rda7 39.Bc1 f4 40.Rc3 f6 41.e6 Nxd6 42.Bxf4 Nc4 43.Bxb8 Rxa3
44.Rxa3 Rxa3 45.Nf5  1-0